Catálogo público

Resistencia de Brassica rapa y Biden pilosa a herbicidas auxinicos y silfonilureas en Hueyotlipa, Tlaxcala / (Record no. 220136)

MARC details
000 -CABECERA
campo de control de longitud fija 03312nam a22003257a 4500
003 - IDENTIFICADOR DEL NÚMERO DE CONTROL
campo de control OSt
005 - FECHA Y HORA DE LA ÚLTIMA TRANSACCIÓN
campo de control 20250815110712.0
007 - CAMPO FIJO DE DESCRIPCIÓN FÍSICA--INFORMACIÓN GENERAL
campo de control de longitud fija cr ||||||a|c|a
008 - DATOS DE LONGITUD FIJA--INFORMACIÓN GENERAL
campo de control de longitud fija 240903s2023 mx ad||fom||| 001 0 spa d
040 ## - FUENTE DE LA CATALOGACIÓN
Normas de descripción rda
100 1# - ENTRADA PRINCIPAL--NOMBRE DE PERSONA
Nombre de persona Pérez Ramírez, Mireya
9 (RLIN) 189538
245 1# - MENCIÓN DE TÍTULO
Título Resistencia de Brassica rapa y Biden pilosa a herbicidas auxinicos y silfonilureas en Hueyotlipa, Tlaxcala /
Mención de responsabilidad, etc. por Mireya Pérez Ramírez; presidente J. Antonio Tafoya Razo; secretario Calixto Leopoldo Carrillo Fonseca; vocal Candelario Santillan Ortega; suplente Manuel Orrantia Orrantia; suplente Oscar morales Galván
264 #1 - PRODUCCIÓN, PUBLICACIÓN, DISTRIBUCIÓN, FABRICACIÓN Y COPYRIGHT
Producción, publicación, distribución, fabricación y copyright Chapingo, México :
Nombre del de productor, editor, distribuidor, fabricante El autor,
Fecha de producción, publicación, distribución, fabricación o copyright 2023.
300 ## - DESCRIPCIÓN FÍSICA
Extensión 1 recurso en línea (69 páginas):
Otras características físicas Ilustraciones, cuadros, gráficas
336 ## - TIPO DE CONTENIDO
Fuente rdacontent
Término de tipo de contenido texto
Código de tipo de contenido txt
337 ## - TIPO DE MEDIO
Fuente rdamedia
Nombre/término del tipo de medio computadora
Código del tipo de medio c
338 ## - TIPO DE SOPORTE
Fuente rdacarrier
Nombre/término del tipo de soporte recurso en línea
Código del tipo de soporte cr
502 ## - NOTA DE TESIS
Tipo de título Ingeniero Agrónomo Especialista en Parasitología Agrícola
Nombre de la institución que otorga el título Departamento de Enseñanza, Investigación y Servicio en Parasitología Agrícola,
Año de obtención del título 2023
Información miscelánea Licenciatura
504 ## - NOTA DE BIBLIOGRAFÍA, ETC.
Nota de bibliografía, etc. Incluye referencias bibliográficas: páginas 65-69
520 ## - SUMARIO, ETC.
Sumario, etc. Brassica rapa y Bidens pilosa son malezas muy comunes en las zonas templadas y cálidas de México y se presentan reportes de importancia significativa en muchas partes del mundo, por lo que el presente trabajo se realizó con la finalidad de determinar la resistencia con las dos poblaciones de malezas resistentes, provenientes de la región de Hueyotlipan Tlaxcala, a los herbicidas Prosulfuron y 2,4-D y un biotipo de una población con susceptibilidad comprobada de ambas especies, se utilizaron 8 tratamientos para cada herbicida, 0, 1.069, 2.138, 4.275, 8.55, 17.1, 34.2, 68.4 g de i.a/ha, para Prosulfuron y 0, 30, 60, 120, 240, 480, 960, 1920 g de i.a/ha, para 2,4-D, la aplicación de los herbicidas se realizó en la post emergencia cuando las plantas tenían de 3 a 5 hojas verdaderas, se utilizó un diseño con bloques completamente al azar con 5 bloques, cada unidad experimental consistió en una maceta de 2 L., en la cual se establecieron 5 plantas por maceta, la evaluación de reducción de peso fresco en las plantas se realizó 30 días después de las aplicaciones, se realizaron un ANDEVA y se ajustaron al modelo de regresión log-logístico utilizando el programa estadístico Sigma plot, con un intervalo de confianza del 95%, los resultados muestran que existe resistencia considerando como resistente cuando el índice es igual o superior a 2.0. Se obtuvo un IR en Bidens pilosa para el herbicida 2,4-D de 2.7 mientras que para el herbicida Prosulfuron un valor de 2.9. para el caso de Brassica rapa para el herbicida 2,4-D fue de 2.2 mientras que para el herbicida Prosulfuron fue de 7.53 siendo este el valor más elevado, con base a los resultados se indica que las poblaciones son resistentes a ambos herbicidas.
650 #4 - PUNTO DE ACCESO ADICIONAL DE MATERIA--TÉRMINO DE MATERIA
Término de materia o nombre geográfico como elemento de entrada Malas hierbas
Subdivisión general Resistencia a herbicidas
9 (RLIN) 70035
650 #4 - PUNTO DE ACCESO ADICIONAL DE MATERIA--TÉRMINO DE MATERIA
Término de materia o nombre geográfico como elemento de entrada Herbicidas
Subdivisión general Análisis
9 (RLIN) 132171
700 0# - PUNTO DE ACCESO ADICIONAL--NOMBRE DE PERSONA
Nombre de persona Tafoya Razo, José Antonio
Término indicativo de función/relación presidente
9 (RLIN) 111341
700 1# - PUNTO DE ACCESO ADICIONAL--NOMBRE DE PERSONA
Nombre de persona Carrillo Fonseca, Calixto Leopoldo
9 (RLIN) 19482
Término indicativo de función/relación secretario
700 1# - PUNTO DE ACCESO ADICIONAL--NOMBRE DE PERSONA
Nombre de persona Santillán Ortega, Candelario
9 (RLIN) 102429
Término indicativo de función/relación vocal
700 1# - PUNTO DE ACCESO ADICIONAL--NOMBRE DE PERSONA
Nombre de persona Orrantia Orrantia, Manuel
9 (RLIN) 83750
Término indicativo de función/relación suplente
700 1# - PUNTO DE ACCESO ADICIONAL--NOMBRE DE PERSONA
Nombre de persona Morales Galván, Oscar
9 (RLIN) 78271
Término indicativo de función/relación suplente
856 ## - LOCALIZACIÓN Y ACCESO ELECTRÓNICOS
Identificador Uniforme del Recurso http://10.13.5.2/tesis/tl/1712062-4_Peerez_Ramirez_Mireya.pdf
Nota pública DESCARGAR PDF
942 ## - ELEMENTOS DE PUNTO DE ACCESO ADICIONAL (KOHA)
Fuente del sistema de clasificación o colocación Clasificación Universidad Autónoma Chapingo
Tipo de ítem Koha Tesis digital
Holdings
Estado de retiro Estado de pérdida Fuente del sistema de clasificación o colocación Estado dañado Restricciones de uso No para préstamo Código de colección Localización permanente Ubicación/localización actual Ubicación en estantería Fecha de adquisición Total de préstamos Signatura topográfica completa Fecha visto por última vez Precio válido a partir de Tipo de ítem Koha
    Clasificación Universidad Autónoma de Chapingo   Préstamo interno   Tesis digitales de Licenciatura Biblioteca Digital Biblioteca Digital En línea 03/09/2024   Tesis digital 03/09/2024 03/09/2024 Tesis digital